<Die> Anwendung rekursiver, linearer Modelle zur Analyse und Prognese regionaler Strukturentwicklungen im Agrarsektor
Uložené v:
| Hlavný autor: | |
|---|---|
| Médium: | Kniha |
| Jazyk: | German |
| Vydavateľské údaje: |
Hannover
Strothe
1974
|
| Tagy: |
Žiadne tagy, Buďte prvý, kto otaguje tento záznam!
|
MARC
| LEADER | 00000nam a2200000 4500 | ||
|---|---|---|---|
| 001 | 0215263 | ||
| 005 | 20240109105218.0 | ||
| 041 | 0 | |a ger | |
| 044 | |a DE | ||
| 245 | 1 | 0 | |a <Die> Anwendung rekursiver, linearer Modelle zur Analyse und Prognese regionaler Strukturentwicklungen im Agrarsektor |c Werner Doppler |
| 264 | 1 | |a Hannover |b Strothe |c 1974 | |
| 300 | |a 184 s. | ||
| 100 | 1 | |a Doppler, Werner | |